| 000 | 00552nam a2200181Ia 4500 | ||
|---|---|---|---|
| 003 | GCL | ||
| 008 | 140319s9999 xx 000 0 ara d | ||
| 040 |
_aGCL / _cGCL |
||
| 082 | 0 | 4 |
_a813.087 _bم ر |
| 100 | 1 | _aمحمود فوزى الوكيل | |
| 245 | 1 | 0 |
_aالرصاصة الاخيرة / _cمحمود فوزى الوكيل |
| 300 | _a157 ص | ||
| 490 |
_aالهيئة العامة للاستعلامات _v0 |
||
| 650 | 0 | 4 | _aالادب العربى |
| 650 | 0 | 4 | _aالقصص العربية |
| 650 | 0 | 4 | _aقصص البطولات |
| 942 |
_2ddc _cBK |
||
| 999 |
_c47296 _d47296 |
||